• 首页
  • 本馆介绍
  • 公告通知
  • 最新文献
  • 馆藏检索
  • 电子资源
  • 读者导购
  • 参考咨询
  • 我的图书馆
  • 登录
  • 详细信息显示
  • 放入我的书架
  • 预约/预借图书
  • 作者相关作品
  • 分类相关作品
  • 丛书相关作品
  • 出版社相关作品

书目信息

  • 表格格式
  • 工作单格式
  • 卡片格式
题名:
纵横爵士乐
    
 
作者: 丁晓宇 , 廖季文, 编著
分册:  
出版信息: 上海   上海音乐出版社  2019.9
页数: 300页
开本: 29cm
丛书名:
单 册:
中图分类: J618
科图分类:
主题词: 爵士乐--基本知识
电子资源:
ISBN: 978-7-5523-1769-5
000 00949nam0 2200289 45
001 012001001595
005 20130913075528.0
010    @a978-7-5523-1769-5@dCNY48.00
099    @aCAL 012019154148
100    @a20191024d2019 em y0chiy0110 ea
101 0  @achi
102    @aCN@b310000
105    @aack z 001yy
106    @ar
200 1  @a纵横爵士乐@Azong heng jue shi yue@d= Diving in jazz@f丁晓宇, 廖季文编著@zeng
210    @a上海@c上海音乐出版社@d2019.9
215    @a300页@c图, 肖像@d29cm
300    @a并列题名:Diving in jazz
320    @a有索引
330    @a本书主要内容有: 爵士乐风格概要, 爵士乐的风格, 向伟大的乐手们致敬, 主要风格的代表性乐手, 其他重要爵士乐手, 爵士乐在中国。
510 1  @aDiving in jazz@zeng
606 0  @a爵士乐@x基本知识
690    @aJ618@v5
701  0 @a丁晓宇@Ading xiao yu@4编著
701  0 @a廖季文,@Aliao ji wen@f1956-@4编著
801    @aCN@b江苏凤凰@c20211018
905    @b1344117-20@dJ618@e1350@f4
    
    纵横爵士乐= Diving in jazz/丁晓宇, 廖季文编著.-上海:上海音乐出版社,2019.9
    300页:图, 肖像;29cm
    并列题名:Diving in jazz
    
    ISBN 978-7-5523-1769-5:CNY48.00
    本书主要内容有: 爵士乐风格概要, 爵士乐的风格, 向伟大的乐手们致敬, 主要风格的代表性乐手, 其他重要爵士乐手, 爵士乐在中国。
●
相关链接 在E读中查询图书 在五车中查询图书 在当当中查询图书 在豆瓣中查询图书


正题名:纵横爵士乐     索取号:J618/1350         预约/预借

序号 登录号 条形码 馆藏地/架位号 状态 备注
1 1344117   213441177   第一样本阅览室/ [索取号:J618/1350] 在馆    
2 1344118   213441186   第一借阅区/ [索取号:J618/1350] 在馆    
3 1344119   213441195   第一借阅区/ [索取号:J618/1350] 在馆    
4 1344120   213441202   第一借阅区/ [索取号:J618/1350] 在馆    
唐山师范学院图书馆 欢迎您!
大连网信软件有限公司© 版权所有